Borrones gramaticales
Gorde:
| Egile nagusia: | |
|---|---|
| Formatua: | Liburua |
| Hizkuntza: | gaztelania |
| Argitaratua: |
Santiago
Imprenta Cervantes
1894
|
| Edizioa: | 1a. ed |
| Gaiak: | |
| Etiketak: |
Etiketa erantsi
Etiketarik gabe, Izan zaitez lehena erregistro honi etiketa jartzen!
|
MARC
| LEADER | 00000nam a2200000 a 4500 | ||
|---|---|---|---|
| 001 | UCJ5077 | ||
| 003 | CL-VaPUC | ||
| 008 | 070124e18940000CL |||||||||||||||||spa|d | ||
| 082 | 0 | 4 | |a 460 |b AMU |2 21 |
| 100 | |a Amunátegui Reyes, Miguel Luis |e author |9 342446 | ||
| 245 | 1 | 0 | |a Borrones gramaticales |
| 250 | |a 1a. ed | ||
| 300 | |a 310 p | ||
| 942 | |c BK | ||
| 945 | |d 20070124 00:00:00 |a rinostro | ||
| 260 | |a Santiago |b Imprenta Cervantes |c 1894 | ||
| 500 | |a Volumen intonso | ||
| 650 | 7 | |a CORRECCIONES IDIOMATICAS |2 CL-VaPUC |9 509490 | |
| 650 | 0 | |a Lexicografía |9 321487 | |
| 650 | 0 | |a Neologismos |9 411089 | |
| 583 | |a last modification |c 20070124 00:00:00 |k Rodrigo Vera | ||
| 999 | |c 321190 |d 321188 | ||
| 952 | |0 0 |1 0 |4 0 |6 460_000000000000000_AMU_1894 |7 0 |8 X |9 399876 |a FDOBUD |b FDOBUD |d 2019-11-22 |i 102972K |o 460 AMU 1894 |p 102972K |r 2019-11-22 |w 2019-11-22 |y BK_X |k BUD | ||